[Event "26th WSCC 2016 Open 65+"]
[Site "Marianske Lazne, Czech Republic - Hotel Cristal and Continental"]
[Date "2016.11.21"]
[Round "3.8"]
[White "Babula, Milan"]
[Black "Pritchett, Craig W"]
[Result "0-1"]
[WhiteElo "2210"]
[BlackElo "2338"]
[PlyCount "108"]
[EventDate "2016.11.19"]

1. e4 c5 2. Nf3 e6 3. d4 cxd4 4. Nxd4 a6 5. Bd3 Nf6 6. O-O d6 7. c4 b6 8. Nc3
Bb7 9. b3 Nbd7 10. Bb2 g6 11. Nc2 Be7 12. Re1 O-O 13. Ne3 Re8 14. f3 Bf8 15.
Bf1 Qc7 16. Rc1 Rad8 17. Rc2 h5 18. Kh1 Qb8 19. Rd2 Bc6 20. Qe2 Bh6 21. Qf2 b5
22. cxb5 axb5 23. Red1 Ne5 24. Ne2 Bf8 25. Nd4 Bd7 26. Rc2 Be7 27. h3 g5 28.
Rdc1 h4 29. Ng4 Nh5 30. Nxe5 dxe5 31. Nc6 Bxc6 32. Rxc6 Bb4 33. Bc3 Bxc3 34.
R6xc3 Rd4 35. Rc5 b4 36. Ba6 Qd6 37. Rc6 Rd1+ 38. Rxd1 Qxd1+ 39. Qg1 Qd2 40.
Qc1 Rd8 41. Bf1 Qxc1 42. Rxc1 Rd2 43. Ra1 Kf8 44. Kg1 Rb2 45. Bc4 Nf4 46. Bf1
Ke7 47. Rc1 Rxg2+ 48. Bxg2 Ne2+ 49. Kf2 Nxc1 50. Ke3 Kd6 51. f4 gxf4+ 52. Kf3
f5 53. Bf1 Ke7 54. Ba6 Kf6 0-1

[Event "26th WSCC 2016 Open 65+"]
[Site "Marianske Lazne, Czech Republic - Hotel Cristal and Continental"]
[Date "2016.11.21"]
[Round "3.9"]
[White "Pushkov, Nikolai"]
[Black "Haubt, Georg"]
[Result "1-0"]
[WhiteElo "2325"]
[BlackElo "2205"]
[PlyCount "37"]
[EventDate "2016.11.19"]

1. d4 d5 2. c4 Nc6 3. cxd5 Qxd5 4. Nf3 e5 5. Nc3 Bb4 6. e3 exd4 7. exd4 Bg4 8.
Be2 Nf6 9. O-O Qd7 10. d5 Bxf3 11. Bxf3 Ne7 12. Qb3 a5 13. Bg5 Qf5 14. Bxf6
Qxf6 15. Ne4 Qa6 16. a3 Bd6 17. Nxd6+ cxd6 18. Rfe1 Rc8 19. Qe3 1-0

[Event "26th WSCC 2016 Open 65+"]
[Site "Marianske Lazne, Czech Republic - Hotel Cristal and Continental"]
[Date "2016.11.21"]
[Round "3.10"]
[White "Singer, Hans"]
[Black "Werner, Clemens"]
[Result "1/2-1/2"]
[WhiteElo "2202"]
[BlackElo "2325"]
[PlyCount "54"]
[EventDate "2016.11.19"]

1. Nf3 d6 2. d4 Nf6 3. g3 g6 4. Bg2 Bg7 5. O-O O-O 6. c4 Nc6 7. Nc3 Bg4 8. Be3
Qc8 9. Re1 e5 10. d5 Ne7 11. Rc1 b6 12. b4 a5 13. a3 axb4 14. axb4 Bh3 15. Bh1
Qg4 16. Nb5 Qd7 17. Qb3 h6 18. Rc2 Ng4 19. Bd2 f5 20. e3 g5 21. Bg2 Bxg2 22.
Kxg2 Ng6 23. Ra2 Rxa2 24. Qxa2 f4 25. exf4 gxf4 26. Qc2 Qf7 27. gxf4 Qf6
1/2-1/2

[Event "26th WSCC 2016 Open 65+"]
[Site "Marianske Lazne, Czech Republic - Hotel Cristal and Continental"]
[Date "2016.11.21"]
[Round "3.11"]
[White "Titz, Heimo"]
[Black "Mishuchkov, Nikolai M"]
[Result "0-1"]
[WhiteElo "2189"]
[BlackElo "2319"]
[PlyCount "138"]
[EventDate "2016.11.19"]

1. c4 e6 2. Nf3 d5 3. g3 dxc4 4. Qa4+ Bd7 5. Qxc4 c5 6. d3 Nc6 7. Bg2 Nf6 8.
O-O Rc8 9. Nbd2 Be7 10. Qb3 b5 11. a3 O-O 12. Qd1 Qb6 13. b3 Nd5 14. Bb2 Bf6
15. Bxf6 Nxf6 16. Rc1 Nd4 17. e3 Nxf3+ 18. Nxf3 Bc6 19. Qc2 h6 20. Rfd1 Qb7 21.
e4 Nd7 22. Qb2 Qb8 23. Re1 Bb7 24. Qe2 Ne5 25. Qe3 Rfd8 26. Rc3 b4 27. axb4
cxb4 28. Rxc8 Nxf3+ 29. Bxf3 Bxc8 30. Rc1 e5 31. Rc6 Be6 32. Bd1 Qb5 33. Rxe6
fxe6 34. Bg4 Qxd3 35. Bxe6+ Kh8 36. Qxa7 Qxe4 37. Bc4 Rd1+ 38. Bf1 Qe2 39. Qa8+
Kh7 40. Qg2 e4 41. h4 Qf3 42. h5 Kh8 43. Qh3 Rd2 44. Qc8+ Kh7 45. Qc5 e3 46.
Qxe3 Qxe3 47. fxe3 Kg8 48. Bc4+ Kf8 49. Kf1 Ke7 50. g4 Rb2 51. Ke1 Kf6 52. Kd1
Ke5 53. Kc1 Rg2 54. Bb5 Rxg4 55. Kd2 Rg5 56. Be8 Rg1 57. Ke2 Rb1 58. Bf7 Kf6
59. Bd5 Ke5 60. Bf7 Rh1 61. Kd3 Rc1 62. Ke2 Kf6 63. Bd5 Rc5 64. Bf3 Rc2+ 65.
Kd3 Rc3+ 66. Kd4 Rxb3 67. Bd5 Rb1 68. Bf3 b3 69. e4 Re1 0-1

[Event "26th WSCC 2016 Open 65+"]
[Site "Marianske Lazne, Czech Republic - Hotel Cristal and Continental"]
[Date "2016.11.21"]
[Round "3.12"]
[White "Neckar, Lubomir"]
[Black "Sejkora, Vlastimil"]
[Result "1/2-1/2"]
[WhiteElo "2319"]
[BlackElo "2195"]
[PlyCount "33"]
[EventDate "2016.11.19"]

1. Nf3 g6 2. g3 Bg7 3. d4 d6 4. Bg2 c6 5. c4 Nf6 6. Nc3 O-O 7. O-O Bg4 8. h3
Bxf3 9. Bxf3 e5 10. d5 c5 11. e4 Nbd7 12. Bg2 Nh5 13. h4 Qe8 14. Bh3 a6 15. Qd3
Qe7 16. Qe2 Qe8 17. Qd3 1/2-1/2

[Event "26th WSCC 2016 Open 65+"]
[Site "Marianske Lazne, Czech Republic - Hotel Cristal and Continental"]
[Date "2016.11.21"]
[Round "3.13"]
[White "Kolbak, Jens"]
[Black "Giffard, Nicolas"]
[Result "1-0"]
[WhiteElo "2189"]
[BlackElo "2313"]
[PlyCount "103"]
[EventDate "2016.11.19"]

1. e4 c5 2. Nf3 Nc6 3. Bb5 Nd4 4. Nxd4 cxd4 5. O-O e6 6. Be2 Bc5 7. d3 Ne7 8.
Nd2 O-O 9. c3 Nc6 10. Nb3 Bb6 11. Bf4 d6 12. Rc1 e5 13. Bg3 Be6 14. c4 Qe7 15.
Nd2 Bc5 16. a3 a5 17. h3 a4 18. Bg4 Ra5 19. f4 exf4 20. Bxf4 Bxg4 21. Qxg4 Ne5
22. Qe2 Ng6 23. Rce1 f6 24. Bg3 Ba7 25. Nf3 Ne5 26. Bf2 Nc6 27. Qd2 Ra6 28. Nh4
Bc5 29. Nf5 Qc7 30. Kh1 Rb6 31. g4 Rb3 32. Bg3 Ne5 33. Bxe5 dxe5 34. Rf3 Bb6
35. Ref1 Ba5 36. Qf2 h6 37. Nxh6+ gxh6 38. Rxf6 Rxf6 39. Qxf6 Rxd3 40. Qf8+ Kh7
41. Rf7+ Qxf7 42. Qxf7+ Kh8 43. Qe8+ Kh7 44. Qxe5 b6 45. Qf5+ Kg7 46. e5 Rd1+
47. Kg2 d3 48. Qf3 Rd2+ 49. Kg3 Rxb2 50. Kh4 d2 51. Kh5 Rb3 52. Qf6+ 1-0

[Event "26th WSCC 2016 Open 65+"]
[Site "Marianske Lazne, Czech Republic - Hotel Cristal and Continental"]
[Date "2016.11.21"]
[Round "3.14"]
[White "Sloth, Jorn"]
[Black "Kierzek, Matthias"]
[Result "0-1"]
[WhiteElo "2312"]
[BlackElo "2189"]
[PlyCount "98"]
[EventDate "2016.11.19"]

1. Nf3 d5 2. g3 Bg4 3. Bg2 Nd7 4. c4 e6 5. O-O Ngf6 6. cxd5 exd5 7. Qb3 Nc5 8.
Qc2 Be7 9. d3 O-O 10. b3 c6 11. Bb2 Nfd7 12. Nbd2 Bf6 13. b4 Ne6 14. e4 Bxb2
15. Qxb2 Ng5 16. Nxg5 Qxg5 17. f4 Qf6 18. Qxf6 Nxf6 19. e5 Nd7 20. d4 a5 21.
Rfb1 axb4 22. Rxb4 b5 23. a4 Nb6 24. a5 Na4 25. Nb3 Be2 26. Nc5 Nxc5 27. dxc5
Ra7 28. Kf2 Bc4 29. Ke3 Rfa8 30. Bh3 Rxa5 31. Rxa5 Rxa5 32. Bd7 Ra3+ 33. Kf2
Ra6 34. Bc8 Ra7 35. Rb2 Kf8 36. e6 fxe6 37. Bxe6 Ke7 38. f5 d4 39. Bxc4 bxc4
40. Rb4 Ra2+ 41. Kf3 Rc2 42. Rb7+ Kf6 43. Rc7 c3 44. Rxc6+ Kxf5 45. Ra6 Ke5 46.
c6 Kd6 47. Ra4 Rd2 48. Rc4 Kc7 49. Ke4 c2 0-1

[Event "26th WSCC 2016 Open 65+"]
[Site "Marianske Lazne, Czech Republic - Hotel Cristal and Continental"]
[Date "2016.11.21"]
[Round "3.15"]
[White "Malmdin, Nils-Ake"]
[Black "Van Riemsdijk, Herman C"]
[Result "1/2-1/2"]
[WhiteElo "2182"]
[BlackElo "2309"]
[PlyCount "38"]
[EventDate "2016.11.19"]

1. e4 c5 2. Nf3 e6 3. Nc3 Nc6 4. d4 cxd4 5. Nxd4 Nf6 6. a3 Qc7 7. Be3 a6 8. Bd3
Bd6 9. h3 Be5 10. Nde2 d5 11. exd5 exd5 12. Bd2 O-O 13. O-O h6 14. f4 Bd6 15.
b4 Re8 16. Ng3 Be7 17. Qf3 Nd4 18. Qf2 Ne6 19. Qf3 Nd4 1/2-1/2

[Event "26th WSCC 2016 Open 65+"]
[Site "Marianske Lazne, Czech Republic - Hotel Cristal and Continental"]
[Date "2016.11.21"]
[Round "3.17"]
[White "Kelleher, William"]
[Black "Hanisch, Friedrich"]
[Result "1-0"]
[WhiteElo "2292"]
[BlackElo "2160"]
[PlyCount "57"]
[EventDate "2016.11.19"]

1. e4 e6 2. d4 d5 3. e5 c5 4. c3 Nc6 5. Nf3 Qb6 6. Bd3 cxd4 7. cxd4 Bd7 8. O-O
Nxd4 9. Nbd2 Nxf3+ 10. Nxf3 Ne7 11. Be3 Qc7 12. Rc1 Nc6 13. Qa4 Qd8 14. Qg4 g6
15. h4 Be7 16. h5 g5 17. h6 O-O 18. Rxc6 bxc6 19. Bxg5 Bxg5 20. Nxg5 Kh8 21.
Nxh7 Rg8 22. Qf4 Qe7 23. Nf6 Rg6 24. Bxg6 fxg6 25. Rc1 Rf8 26. b4 Be8 27. Rc5
Qf7 28. Ra5 Qc7 29. Qd4 1-0

[Event "26th WSCC 2016 Open 65+"]
[Site "Marianske Lazne, Czech Republic - Hotel Cristal and Continental"]
[Date "2016.11.21"]
[Round "3.18"]
[White "Giulian, Philip M"]
[Black "Okhotnik, Vladimir"]
[Result "0-1"]
[WhiteElo "2133"]
[BlackElo "2434"]
[PlyCount "117"]
[EventDate "2016.11.19"]

1. d4 d6 2. c4 e5 3. Nc3 exd4 4. Qxd4 Nc6 5. Qd2 Nf6 6. b3 g6 7. Bb2 Bg7 8. g3
O-O 9. Bg2 Re8 10. Nf3 Bg4 11. h3 Bf5 12. Nh4 Be6 13. O-O a5 14. f4 Nh5 15. f5
Nxg3 16. fxe6 Rxe6 17. Nf3 Qf8 18. Rfe1 Rae8 19. e3 Bh6 20. Nd5 Ne4 21. Qd1 Rc8
22. Nd4 Nxd4 23. Qxd4 Bg7 24. Qxg7+ Qxg7 25. Bxg7 Kxg7 26. Bxe4 Rxe4 27. Rad1
f5 28. Rd4 Re5 29. Kf2 Kf7 30. e4 c6 31. Nc3 Rd8 32. exf5 Rxf5+ 33. Kg3 Rg5+
34. Kf3 Rd7 35. Rf4+ Kg7 36. Re2 Rg1 37. Kf2 Rg5 38. Rd2 Rh5 39. Rf3 Re5 40.
Re2 Rh5 41. Kg2 Rg5+ 42. Kh2 Rh5 43. Rd2 Re5 44. Rfd3 Re6 45. Rd4 Re3 46. Ne4
d5 47. Nc5 Rf7 48. cxd5 cxd5 49. Rxd5 Rff3 50. Nxb7 Rxh3+ 51. Kg2 a4 52. bxa4
h5 53. a5 h4 54. a6 Reg3+ 55. Kf1 Rh1+ 56. Ke2 h3 57. a7 h2 58. Rd1 Rhg1 59.
Rc5 0-1

[Event "26th WSCC 2016 Open 65+"]
[Site "Marianske Lazne, Czech Republic - Hotel Cristal and Continental"]
[Date "2016.11.21"]
[Round "3.19"]
[White "Vaisser, Anatoly"]
[Black "Behling, Robert"]
[Result "1-0"]
[WhiteElo "2505"]
[BlackElo "2118"]
[PlyCount "71"]
[EventDate "2016.11.19"]

1. d4 d5 2. c4 e6 3. Nc3 Nf6 4. cxd5 exd5 5. Bg5 Be7 6. e3 c6 7. Bd3 Nbd7 8.
Nge2 Nh5 9. Bxe7 Qxe7 10. Qd2 Nb6 11. O-O O-O 12. f3 f5 13. Rae1 Bd7 14. b3
Rae8 15. Nc1 c5 16. Bb1 c4 17. e4 fxe4 18. fxe4 Rxf1+ 19. Rxf1 dxe4 20. Bxe4
Nf6 21. Bxb7 cxb3 22. axb3 Be6 23. Bf3 Qb4 24. Rd1 Bxb3 25. Nxb3 Qxb3 26. Rb1
Qe6 27. Nb5 Nc4 28. Qc3 Re7 29. Rc1 Qe3+ 30. Qxe3 Nxe3 31. Kf2 a6 32. Nd6 g6
33. Rc6 Ned5 34. Rxa6 Rc7 35. Bxd5+ Nxd5 36. Ra8+ 1-0

[Event "26th WSCC 2016 Open 65+"]
[Site "Marianske Lazne, Czech Republic - Hotel Cristal and Continental"]
[Date "2016.11.21"]
[Round "3.20"]
[White "Jansa, Vlastimil"]
[Black "Janda, Zdenek"]
[Result "1-0"]
[WhiteElo "2418"]
[BlackElo "2114"]
[PlyCount "51"]
[EventDate "2016.11.19"]

1. e4 g6 2. d4 Bg7 3. Nc3 d6 4. Be3 c6 5. Qd2 b5 6. Bd3 a6 7. a4 b4 8. Nce2 Qa5
9. Nc1 Nd7 10. Nb3 Qb6 11. a5 Qb7 12. Nf3 c5 13. O-O cxd4 14. Bxd4 Ngf6 15. e5
dxe5 16. Nxe5 O-O 17. Rfe1 Nd5 18. Nxd7 Qxd7 19. Bxg7 Kxg7 20. Be4 e6 21. Nc5
Qb5 22. Qd4+ Kg8 23. c4 bxc3 24. bxc3 Rd8 25. c4 e5 26. Qxd5 1-0

[Event "26th WSCC 2016 Open 65+"]
[Site "Marianske Lazne, Czech Republic - Hotel Cristal and Continental"]
[Date "2016.11.21"]
[Round "3.21"]
[White "Hohler, Peter"]
[Black "Vasiukov, Evgeni"]
[Result "0-1"]
[WhiteElo "2119"]
[BlackElo "2405"]
[PlyCount "162"]
[EventDate "2016.11.19"]

1. Nf3 Nf6 2. g3 d5 3. Bg2 c6 4. O-O Bg4 5. d4 Nbd7 6. Nbd2 e6 7. Re1 Be7 8. e4
O-O 9. c3 a5 10. h3 Bh5 11. e5 Ne8 12. Nf1 a4 13. a3 Nc7 14. N1h2 Nb6 15. Bf1
Nc4 16. Bd3 Bg6 17. Kg2 b5 18. Qe2 c5 19. Bxg6 fxg6 20. dxc5 Bxc5 21. Nd4 Bxd4
22. cxd4 Na6 23. Bd2 Qb6 24. Bc3 Rf7 25. h4 Raa7 26. Reb1 Nb8 27. f4 Na5 28.
Rd1 Nb3 29. Rab1 Nc6 30. Nf3 h6 31. Qd3 Rf5 32. Qe2 Rc7 33. Qe1 Rf8 34. Rd3 Rb8
35. Kh3 b4 36. axb4 Nxb4 37. Bxb4 Qxb4 38. Qxb4 Rxb4 39. Kg4 Kh7 40. h5 gxh5+
41. Kxh5 g6+ 42. Kh4 Rbc4 43. Rdd1 Rb7 44. Nd2 Rxd4 45. Nxb3 Rxd1 46. Rxd1 axb3
47. Kg4 Kg7 48. Kf3 g5 49. fxg5 hxg5 50. Re1 Rb4 51. g4 Kf7 52. Re3 Ke7 53. Kg3
Kd7 54. Kf3 Kc6 55. Rc3+ Kb5 56. Kg3 Ka5 57. Kf3 Kb6 58. Kg3 Kb5 59. Kf3 Rf4+
60. Kg3 Re4 61. Rxb3+ Kc4 62. Rb8 Rxe5 63. b3+ Kc3 64. b4 Re3+ 65. Kf2 Re4 66.
b5 Rxg4 67. b6 Rb4 68. b7 Kd2 69. Kf3 Kd3 70. Kf2 Rb2+ 71. Kf1 d4 72. Re8 Rxb7
73. Rxe6 Rf7+ 74. Ke1 Rf4 75. Rg6 g4 76. Rg8 Ke3 77. Re8+ Re4 78. Rf8 d3 79.
Rd8 g3 80. Rg8 Kf3+ 81. Kd2 g2 0-1

[Event "26th WSCC 2016 Open 65+"]
[Site "Marianske Lazne, Czech Republic - Hotel Cristal and Continental"]
[Date "2016.11.21"]
[Round "3.22"]
[White "Bogdanov, Valentin"]
[Black "Pacl, Vaclav"]
[Result "1-0"]
[WhiteElo "2385"]
[BlackElo "2104"]
[PlyCount "55"]
[EventDate "2016.11.19"]

1. d4 f5 2. g3 Nf6 3. Bg2 g6 4. Nc3 Bg7 5. Bg5 c6 6. Qd2 d6 7. O-O-O Qa5 8. Kb1
Be6 9. Bxf6 Bxf6 10. Nd5 Qxd2 11. Nxf6+ exf6 12. Rxd2 d5 13. e3 Nd7 14. Ne2 Nb6
15. b3 Nc8 16. Nf4 Ke7 17. c4 dxc4 18. d5 cxd5 19. Bxd5 Bxd5 20. Nxd5+ Kf7 21.
Nc7 Rb8 22. Rd7+ Ne7 23. bxc4 Rhc8 24. Nd5 Re8 25. Rd1 b5 26. c5 Rbc8 27. Nc7
Rg8 28. R1d6 1-0

[Event "26th WSCC 2016 Open 65+"]
[Site "Marianske Lazne, Czech Republic - Hotel Cristal and Continental"]
[Date "2016.11.21"]
[Round "3.23"]
[White "Rooze, Jan"]
[Black "Zhelesny, Stanislav"]
[Result "1-0"]
[WhiteElo "2335"]
[BlackElo "2067"]
[PlyCount "89"]
[EventDate "2016.11.19"]

1. e4 c6 2. d4 d5 3. e5 Bf5 4. Nf3 e6 5. Be2 Ne7 6. O-O Nd7 7. Nbd2 c5 8. c4
Nc6 9. cxd5 exd5 10. dxc5 Bxc5 11. Nb3 Be6 12. Nxc5 Nxc5 13. Nd4 Nxd4 14. Qxd4
Nd7 15. Be3 O-O 16. Rac1 Re8 17. Bd3 f5 18. exf6 Qxf6 19. Rc7 Ne5 20. Rxb7 Rab8
21. Rxb8 Rxb8 22. Qxa7 Nc6 23. Qc5 Bf7 24. Bb5 d4 25. Bxc6 dxe3 26. fxe3 Qxb2
27. a4 h6 28. Bb5 Qa2 29. Rf2 Qa1+ 30. Rf1 Qa2 31. h3 Bd5 32. e4 Be6 33. Rf2
Qa1+ 34. Kh2 Rd8 35. Qc7 Rd1 36. Kg3 Qa3+ 37. Rf3 Qb4 38. Qc3 Qxe4 39. Re3 Qf5
40. Be2 Qg6+ 41. Kh2 Rd6 42. Qe5 Bf7 43. Bh5 Qe6 44. Bxf7+ Kxf7 45. Qxe6+ 1-0

[Event "26th WSCC 2016 Open 65+"]
[Site "Marianske Lazne, Czech Republic - Hotel Cristal and Continental"]
[Date "2016.11.21"]
[Round "3.24"]
[White "Mlynek, Petr"]
[Black "Maryasin, Boris"]
[Result "0-1"]
[WhiteElo "2139"]
[BlackElo "2331"]
[PlyCount "58"]
[EventDate "2016.11.19"]

1. d4 Nf6 2. c4 c5 3. Nf3 cxd4 4. Nxd4 e6 5. g3 d5 6. Bg2 e5 7. Nf3 d4 8. O-O
Nc6 9. e3 Be7 10. exd4 exd4 11. Bf4 O-O 12. Ne5 Qb6 13. Qb3 Na5 14. Qb5 Be6 15.
b3 Qxb5 16. cxb5 a6 17. bxa6 Rxa6 18. Nd2 Nd5 19. Nd3 Nc6 20. Rfe1 Ncb4 21.
Nxb4 Bxb4 22. a3 Rxa3 23. Rxa3 Bxa3 24. Be5 Bb4 25. Rd1 Nc3 26. Re1 Nb5 27. Rd1
f6 28. Bf4 g5 29. Bf1 Bd7 0-1

[Event "26th WSCC 2016 Open 65+"]
[Site "Marianske Lazne, Czech Republic - Hotel Cristal and Continental"]
[Date "2016.11.21"]
[Round "3.25"]
[White "Khanukov, Boris"]
[Black "Hjertenes, Oystein"]
[Result "1-0"]
[WhiteElo "2320"]
[BlackElo "2060"]
[PlyCount "169"]
[EventDate "2016.11.19"]

1. d4 g6 2. e4 Bg7 3. Nc3 c6 4. f4 d5 5. e5 e6 6. Nf3 Ne7 7. Bd3 b6 8. Qe2 a5
9. O-O Ba6 10. Be3 Nf5 11. Bf2 h5 12. g3 Bf8 13. Nd1 Be7 14. Ne3 Bxd3 15. Qxd3
Nxe3 16. Bxe3 Na6 17. c3 Nc7 18. b3 Qc8 19. h3 Qa6 20. Qc2 Rc8 21. c4 b5 22. c5
Kd7 23. Rab1 Rcf8 24. Kg2 Ne8 25. Qd3 Qa8 26. a4 b4 27. Rh1 Nc7 28. Kf2 Qa6 29.
Qxa6 Nxa6 30. g4 hxg4 31. hxg4 Nc7 32. Rbg1 Rfg8 33. Bd2 Ne8 34. Ke3 Ng7 35.
Be1 Ke8 36. Bg3 Kd7 37. Kf2 Ke8 38. Nd2 Kd7 39. Nf1 Ke8 40. Kf3 Kd7 41. Ne3 Bd8
42. Be1 Be7 43. Ng2 Bd8 44. Bf2 Be7 45. Ne3 Bd8 46. Ng2 Be7 47. Rf1 Bd8 48. Bh4
Bxh4 49. Rxh4 Rxh4 50. Nxh4 Rh8 51. Kg3 Rh7 52. Ng2 Ke7 53. Ne3 Rh8 54. Kg2 Rh4
55. Rf3 f6 56. exf6+ Kxf6 57. Rf1 Rh8 58. Kg3 Rh7 59. Ng2 Ne8 60. Nh4 g5 61.
fxg5+ Kxg5 62. Nf3+ Kf6 63. Ne5+ Kg5 64. Nf3+ Kf6 65. Kf4 Rh3 66. g5+ Kg7 67.
Kg4 Rh8 68. Ne5 Rh2 69. Nxc6 Rg2+ 70. Kf4 Re2 71. Kg4 Rg2+ 72. Kh4 Rd2 73. Rf4
Kg6 74. Ne5+ Kh7 75. c6 Nd6 76. Kh5 Rh2+ 77. Rh4 Rc2 78. g6+ Kg7 79. Kg5 Ne4+
80. Kf4 Rg2 81. Rh7+ Kg8 82. c7 Rf2+ 83. Ke3 Rf8 84. Nc6 Re8 85. Ne7+ 1-0

[Event "26th WSCC 2016 Open 65+"]
[Site "Marianske Lazne, Czech Republic - Hotel Cristal and Continental"]
[Date "2016.11.21"]
[Round "3.26"]
[White "Mojzis, Jaroslav"]
[Black "Shevelev, Arkady"]
[Result "1-0"]
[WhiteElo "2116"]
[BlackElo "2283"]
[PlyCount "111"]
[EventDate "2016.11.19"]

1. Nf3 Nf6 2. g3 d5 3. Bg2 c6 4. O-O g6 5. b3 Bg7 6. Bb2 O-O 7. d3 Nbd7 8. Nbd2
Re8 9. c4 e5 10. cxd5 cxd5 11. Qc2 e4 12. dxe4 Nxe4 13. Bxg7 Kxg7 14. Nxe4 dxe4
15. Nd4 Qb6 16. e3 Nf6 17. Rac1 Bd7 18. Qb2 Kg8 19. Rc2 Rac8 20. Rfc1 Rxc2 21.
Rxc2 Nd5 22. a3 Nc7 23. h4 h5 24. b4 Ba4 25. Rc5 Ne6 26. Nxe6 Qxe6 27. Qd4 a6
28. Bf1 Qe7 29. Bc4 Rd8 30. Rd5 Rxd5 31. Bxd5 Bc6 32. Bxc6 bxc6 33. Qc4 Qf6 34.
Qxa6 Qa1+ 35. Kg2 Qf6 36. Qc8+ Kg7 37. Qd7 Kg8 38. Qe8+ Kh7 39. Qxe4 Qc3 40. a4
c5 41. bxc5 Qxc5 42. Kh2 f5 43. Qb7+ Kh6 44. Qb5 Qa7 45. a5 f4 46. gxf4 Qf7 47.
a6 Qa2 48. Kg2 Qe6 49. Qg5+ Kh7 50. f5 gxf5 51. Qxh5+ Kg7 52. Qg5+ Kh8 53. Qh5+
Kg7 54. a7 Qa6 55. Qg5+ Kh7 56. Qe7+ 1-0

[Event "26th WSCC 2016 Open 65+"]
[Site "Marianske Lazne, Czech Republic - Hotel Cristal and Continental"]
[Date "2016.11.21"]
[Round "3.27"]
[White "Shvedchikov, Anatoli I"]
[Black "Hoeschele, Hans-Ulrich"]
[Result "1-0"]
[WhiteElo "2281"]
[BlackElo "2057"]
[PlyCount "70"]
[EventDate "2016.11.19"]

1. c4 c6 2. Nf3 e6 3. b3 d5 4. Bb2 Nf6 5. e3 Nbd7 6. d4 Ne4 7. Bd3 f5 8. Nbd2
Be7 9. O-O O-O 10. Rc1 Bb4 11. a3 Bd6 12. Ne5 Qe7 13. b4 Ng5 14. Qe2 Nf7 15.
Nxf7 Rxf7 16. Nf3 dxc4 17. Bxc4 Nb6 18. Bb3 Nd5 19. Ne5 Rf6 20. g3 Bd7 21. f3
Be8 22. e4 fxe4 23. fxe4 Nc7 24. Nf3 Bh5 25. e5 Rxf3 26. Rxf3 Bxb4 27. axb4
Qxb4 28. Qd3 Bxf3 29. Qxf3 Rf8 30. Qc3 Qb6 31. Ba3 Re8 32. Bc5 Qa6 33. Bc4 b5
34. Bb3 Qb7 35. Bd6 c5 1-0

[Event "26th WSCC 2016 Open 65+"]
[Site "Marianske Lazne, Czech Republic - Hotel Cristal and Continental"]
[Date "2016.11.21"]
[Round "3.28"]
[White "Gutkin, Boris"]
[Black "Kock, Hans-Uwe"]
[Result "1-0"]
[WhiteElo "2275"]
[BlackElo "2037"]
[PlyCount "73"]
[EventDate "2016.11.19"]

1. d4 Nf6 2. Nf3 d6 3. c4 g6 4. g3 Bg7 5. Bg2 O-O 6. O-O Nbd7 7. Qc2 e5 8. Rd1
Qe7 9. Nc3 c6 10. b3 Rd8 11. dxe5 Nxe5 12. Ba3 Bf5 13. Qd2 Ne8 14. Rac1 Bf6 15.
Nd4 Bc8 16. h3 Qf8 17. Ne4 Be7 18. f4 Nd7 19. Nf2 Nc5 20. e4 f5 21. exf5 Bxf5
22. Re1 Ng7 23. Ng4 Re8 24. Bb2 h5 25. Nh6+ Kh7 26. Nhxf5 Nxf5 27. g4 Ng7 28.
Rf1 Bf6 29. f5 g5 30. Ne6 Ncxe6 31. fxe6 Rxe6 32. Bxf6 Rxf6 33. Qxg5 Rf7 34.
gxh5 Re8 35. Qg6+ Kg8 36. h6 Qe7 37. h7+ 1-0

[Event "26th WSCC 2016 Open 65+"]
[Site "Marianske Lazne, Czech Republic - Hotel Cristal and Continental"]
[Date "2016.11.21"]
[Round "3.29"]
[White "Doehner, Hans-Juergen"]
[Black "Gruzmann, Boris"]
[Result "0-1"]
[WhiteElo "2111"]
[BlackElo "2268"]
[PlyCount "62"]
[EventDate "2016.11.19"]

1. e4 e5 2. Nf3 Nc6 3. Bb5 a6 4. Ba4 d6 5. d4 b5 6. Bb3 Nxd4 7. Nxd4 exd4 8. a4
Bb7 9. O-O c5 10. Bd5 Rb8 11. axb5 axb5 12. Re1 Be7 13. Qh5 Bxd5 14. exd5 Nf6
15. Qf3 Rb7 16. Qg3 O-O 17. Bh6 Ne8 18. Nd2 Kh8 19. Bf4 g5 20. Bxg5 Bxg5 21.
Nf3 Bf6 22. Ra6 Re7 23. Rea1 Re4 24. Nd2 Re5 25. Qf3 Nc7 26. Ra7 Bg7 27. g3 f5
28. Kg2 Nxd5 29. c3 dxc3 30. bxc3 Qg5 31. Qd1 Nxc3 0-1

[Event "26th WSCC 2016 Open 65+"]
[Site "Marianske Lazne, Czech Republic - Hotel Cristal and Continental"]
[Date "2016.11.21"]
[Round "3.30"]
[White "Pribyl, Josef"]
[Black "Bondar, Leonid"]
[Result "1-0"]
[WhiteElo "2252"]
[BlackElo "2019"]
[PlyCount "103"]
[EventDate "2016.11.19"]

1. e4 c6 2. Nc3 d5 3. Nf3 Bg4 4. h3 Bh5 5. exd5 cxd5 6. Bb5+ Nc6 7. g4 Bg6 8.
Ne5 Qd6 9. d4 a6 10. Bxc6+ bxc6 11. Bf4 Qe6 12. Qe2 f6 13. Nxg6 Qxe2+ 14. Kxe2
hxg6 15. Na4 g5 16. Bg3 e6 17. Kd3 Kf7 18. Rae1 Nh6 19. f3 Be7 20. Rh2 Rhe8 21.
b3 Ra7 22. Rhe2 Bf8 23. Kc3 Rb7 24. Kb2 Bb4 25. Rd1 Kg6 26. a3 Bf8 27. Rde1 Kf7
28. Re3 Rb5 29. Ka2 c5 30. dxc5 Bxc5 31. Rc3 Bf8 32. Rc7+ Kg8 33. Rc6 e5 34.
Rxa6 d4 35. Nb2 Rc8 36. Nc4 Nf7 37. Rd1 Rbc5 38. Be1 R5c6 39. Rxc6 Rxc6 40. Kb2
Nd8 41. Bb4 Ne6 42. Bxf8 Kxf8 43. a4 Nc5 44. a5 Na4+ 45. bxa4 Rxc4 46. Kb3 Rc7
47. Kb4 Ke7 48. a6 Kd7 49. Rb1 Rxc2 50. a7 Rc8 51. Ka5 d3 52. Rd1 1-0

[Event "26th WSCC 2016 Open 65+"]
[Site "Marianske Lazne, Czech Republic - Hotel Cristal and Continental"]
[Date "2016.11.21"]
[Round "3.31"]
[White "Myall, Ivan J"]
[Black "Braun, Gottfried"]
[Result "0-1"]
[WhiteElo "2042"]
[BlackElo "2242"]
[PlyCount "160"]
[EventDate "2016.11.19"]

1. e4 d6 2. Nc3 e5 3. Bc4 Nf6 4. d3 Be6 5. Nf3 Be7 6. O-O O-O 7. Nd5 Nxd5 8.
exd5 Bg4 9. h3 Bh5 10. g4 Bg6 11. Qe2 Nd7 12. Nh2 Re8 13. Bb5 a6 14. Bxd7 Qxd7
15. c4 c6 16. Qf3 cxd5 17. Qxd5 Qc6 18. Qxc6 bxc6 19. Rd1 Rad8 20. Nf3 f5 21.
Kg2 c5 22. gxf5 Bxf5 23. Bg5 h6 24. Bxe7 Rxe7 25. Nh4 Bh7 26. Kg3 Rf8 27. Rd2
Ref7 28. Rad1 g5 29. Ng2 Rf3+ 30. Kh2 Rxf2 31. Kg1 Rxd2 32. Rxd2 Rf3 33. Ne1
Rg3+ 34. Kh2 Re3 35. Ng2 Rxd3 36. Rxd3 Bxd3 37. Ne3 Kg7 38. Kg3 h5 39. b3 a5
40. Nd5 Kf7 41. h4 g4 42. Kf2 Be4 43. Nc3 Bc6 44. Ne2 Be4 45. Ke3 Bb1 46. Nc3
Bc2 47. Kd2 Bg6 48. Ke3 Ke6 49. Nd5 g3 50. Nc3 e4 51. Ne2 Kf5 52. Nxg3+ Kg4 53.
Nxe4 Kxh4 54. Nxd6 Kg3 55. Nb5 h4 56. Nc3 Kg2 57. Ne2 Bb1 58. Nf4+ Kg3 59. Ne2+
Kg4 60. Nc3 Bc2 61. Kf2 Kf4 62. Kg2 Ke5 63. Kh3 Kd4 64. Nb5+ Kd3 65. Nd6 Kc3
66. Nb7 Kb4 67. Kxh4 Bb1 68. Nxc5 Kxc5 69. a3 Kd4 70. c5 Be4 71. Kg3 Bc6 72.
Kf2 Kc3 73. b4 a4 74. Ke3 Kb3 75. Kd3 Bb5+ 76. Kd2 Kb2 77. Kd1 Kxa3 78. Kc1 Ka2
79. Kc2 a3 80. Kc1 Ba4 0-1